00726nam a2200193 4500001000700000003000900007005001700016007000300033008004100036100003500077245007600112260005900188300005000247490002700297830003500324852003200359999001900391952012200410123820ES-MaACL20230906192242.0t|070214s1966 sp r ||||1| spa d1 aRamírez, Joaquín A.99509510aPetróleo, energía y opinión pública / cJoaquín A. Ramírez. aMadrid : b[s. n.], c1966 (fGráf. Iberoamericanas) a376 p., 5 h. : bil. ; c22 cm + e4 h. pleg.1 aPetróleo y energía0 aPetróleo y energía9218970 aES-MaACLjC-29346 bR.59748 c123820d123820 00104070aATENEOMbATENEOMcDEPO2d2008-01-17eSCl0oC-29346p1129004r2023-02-23 00:00:00w2023-02-23yMONOGRAFIA